Number properties : math strategy guide. Guide 1,

Detaylı Bibliyografya
Materyal Türü: Kitap
Dil:English
Baskı/Yayın Bilgisi: New York, N.Y. : MG Prep Inc., 2008.
Edisyon:Third edition.
Seri Bilgileri:GMAT strategy guide; 1
8 guide instructional series.
Konular:
Classic Catalogue: View this record in Classic Catalogue
LEADER 01357nam a2200313 a 4500
001 426011882
003 BD-DhAAL
005 20250618115203.0
008 090819s2008 nyua 000 0 eng d
020 |a 098185334X 
020 |a 9780981853345 
040 |a SINPL  |c SINPL  |d HNK   |d BD-DhAAL 
082 0 4 |a 650/.076  |2 22 
245 1 0 |a Number properties :  |n Guide 1,  |b math strategy guide. 
246 3 0 |a GMAT Strategy guide. 
250 |a Third edition. 
260 |a New York, N.Y. :  |b MG Prep Inc.,  |c 2008. 
300 |a 151 pages :  |b illustrations ;  |c 28 cm. 
490 0 |a GMAT strategy guide;  |v 1  
490 0 |a 8 guide instructional series. 
500 |a "Manhattan GMAT."--Cover  
526 |x Mohammad Zakir Hossain Sharkar Senior Lecturer BRAC Business School Course name and No. : N/A 
541 1 |a Tain Book depot  |e 00018009 
650 0 |a Graduate Management Admission Test  |v Study guides.  |9 57809 
650 0 |a Mathematics  |x Examinations, questions, etc.  |9 58420 
852 4 |a Ayesha Abed Library  |j General shelf  
942 |2 ddc  |c BK 
999 |c 3038  |d 3038 
952 |0 0  |1 0  |2 ddc  |4 0  |6 650_000000000000000__076_NUM_2008  |7 0  |9 2752  |a BRACUL  |b BRACUL  |c GEN  |d 2009-08-27  |e Tain Book Depot  |g 1964.00  |l 14  |m 59  |o 650.076 NUM  |p 3010018009  |r 2025-03-13  |s 2025-03-04  |t 1  |w 2009-08-27  |y BK  |x Requisitioned by Md. Zakir hossain Sharkar, Sr. Lecturer, BBS. Course name and no. "not available"